000 01397cam a2200349 a 4500
001 EDZ0000064082
003 StDuBDS
005 20161031105219.0
006 m||||||||d||||||||
007 cr |||||||||||
008 120327s2001 enk fo| 001|0|eng d
020 _a9781446219881 (ebook) :
_cNo price
040 _aStDuBDS
_beng
_cStDuBDS
_epn
049 _aAlfaisal Main Library
050 0 _aJC330
_b.S74 2001
082 0 4 _a320.011
_223
100 1 _aStewart, Angus,
_cM.A.
245 1 0 _aTheories of power and domination
_h[electronic resource] :
_bthe politics of empowerment in late modernity /
_cAngus Stewart.
260 _aLondon :
_bSAGE,
_c2001.
300 _a1 online resource ([vii], 270 p.)
504 _aIncludes bibliographical references and index.
520 8 _aAngus Stewart provides a systematic account of the current debates about the dynamics and rationale of state power in an era of globalisation, social citizenship and significant social movements.
521 _aSpecialized.
588 _aDescription based on print version record.
650 0 _aPower (Social sciences)
650 0 _aPolitical culture.
655 7 _aElectronic books.
_2local
710 2 _aSage eBooks
776 0 8 _iPrint version :
_z9780761966593
856 4 0 _uhttp://ezproxy.alfaisal.edu/login?url=http://sk.sagepub.com/books/theories-of-power-and-domination
942 _2lcc
_cEBOOKS
999 _c481827
_d481827